000 02161nam0a2200349 i 4500
001 RU\NLR\BIBL_A\010409120
005 20241114230058.0
010 _a9785782904470
_9100
021 _aRU
_b2014-29380
_91806
035 _a(NLR Aleph) 010409120
090 _a9745755
_c9745755
100 _a20140626d2013 u y0rusy50 ca
101 0 _arus
102 _aRU
105 _aa|||j|||000yy
200 1 _aТрубопроводная арматура во внутренних системах жилых и общественных зданий
_eучебное пособие
_e[для студентов направления 270800.62 "Строительство"]
_fА. Б. Адельшин, Л.Р. Хисамеева, А.Х. Низамова, А.А. Хамидуллина
_gМ-во образования и науки Рос. Федерации, Каз. гос. арх.-строит. ун-т
210 _aКазань
_cИзд-во Казанского государственного архитектурно-строительного университета
_d2013
215 _a133 с.
_cил.
_d21
320 _aБиблиогр.: с. 97 (18) назв.
606 _aВодопроводная арматура
_jУчебные издания для высших учебных заведений
_91015384
_3RU\NLR\AUTH\6669509
606 _aВодоснабжение горячее
_jУчебные издания для высших учебных заведений
_xОборудование
_92602666
_3RU\NLR\AUTH\661539224
606 _aВодопроводные сети внутренние
_jУчебные издания для высших учебных заведений
_92604895
_3RU\NLR\AUTH\661541453
686 1 _aН761.1я73-1
686 1 _aН765.08я73-1
701 1 _aАдельшин
_bА.Б.
_f1937-
_gАзат Билялович
701 1 _aХисамеева
_bЛ. Р.
_gЛилия Рахимзяновна
701 1 _aХамидуллина
_bА. А.
_gАлсу Абриковна
701 1 _aНизамова
_bА. Х.
_gАида Ханифовна
942 _cBOOK
980 _aNBR